Normal view
MARC view
- Narwal Abha
Entry Personal Name
001 - CONTROL NUMBER
- control field: 180300
003 - CONTROL NUMBER IDENTIFIER
- control field: OSt
005 - DATE AND TIME OF LATEST TRANSACTION
- control field: 20230314162632.0
008 - FIXED-LENGTH DATA ELEMENTS
- fixed length control field: 230314|| aca||aabn | a|a d
040 ## - CATALOGING SOURCE
- Original cataloging agency: OSt
- Transcribing agency: OSt
100 ## - HEADING--PERSONAL NAME
- Personal name: Narwal Abha
670 ## - SOURCE DATA FOUND
- Source citation: Work cat.: (OSt)142788: Narwal Abha, Key to Success Staff Nurses Recruitment Exam, 2013